000 00530nam a2200193 a 4500
001 10848
003 CO-ViMGA
008 141112s2004 ck r 000 u spa d
040 _aCO-ViMGA
_bspa
_cCO-ViMGA
082 0 4 _aA864.6 M171
100 1 _aMartinez ; Tomas Eloy,
_953809
245 1 0 _aLugar común :
_bla Muerte
260 _aCaracas :
_bMonte Avila Editores C.A,
_c1978
300 _a219p.
490 _aColección Documentos
650 1 4 _aENSAYOS ARGENTINOS
650 1 4 _aLITERATURA - ARGENTINA
_92130
942 _2ddc
_cBK
999 _c22068
_d22068